[Event "Borisoglebsk Autumn op"]
[Site "Borisoglebsk"]
[Date "2013.09.09"]
[Round "7"]
[White "Markin, Dmitri"]
[Black "Pchelintsev, Anton"]
[Result "1/2-1/2"]
[WhiteElo "1971"]
[BlackElo "1726"]
[PlyCount "76"]
[EventDate "2013.09.06"]
[EventType "swiss"]
[EventRounds "7"]
[EventCountry "RUS"]
[SourceTitle "CBM 156 Extra"]
[Source "ChessBase"]
[SourceDate "2013.10.22"]
[SourceVersion "1"]
[SourceVersionDate "2013.10.22"]
[SourceQuality "1"]

1. e4 c6 2. d4 d5 3. exd5 cxd5 4. Bd3 Nf6 5. h3 g6 6. Nf3 Bg7 7. c3 Nc6 8. 0-0 0-0 9. Bf4 Nh5 10. Bh2 Be6 11. Nbd2 Qd7 12. Re1 Nf6 13. Ne5 Nxe5 14. Bxe5 Bf5 15. Bxf6 Bxf6 16. Qf3 Bxd3 17. Qxd3 Kh8 18. Re2 Rg8 19. Rae1 e6 20. Nf3 Rg7 21. Ne5 Bxe5 22. Rxe5 Rc8 23. R5e2 Rcg8 24. Qf3 Qd8 25. g3 h5 26. Qf4 Kh7 27. Qf3 Qd7 28. Kg2 Re8 29. Qf6 Qe7 30. Qxe7 Rxe7 31. Re5 Rd7 32. h4 Rg8 33. f4 Kg7 34. Kf3 Rd6 35. R5e2 Rc8 36. Ke3 Rdc6 37. Kd3 Rc4 38. Rg1 Kf6 1/2-1/2

[Event "Borisoglebsk Summer op"]
[Site "Borisoglebsk"]
[Date "2013.06.30"]
[Round "5"]
[White "Novoyavshev, Stepan"]
[Black "Markin, Dmitri"]
[Result "0-1"]
[WhiteElo "1909"]
[BlackElo "1960"]
[PlyCount "110"]
[EventDate "2013.06.28"]
[EventType "swiss"]
[EventRounds "7"]
[EventCountry "RUS"]
[SourceTitle "EXT 2014"]
[Source "ChessBase"]
[SourceDate "2013.11.20"]
[SourceVersion "1"]
[SourceVersionDate "2013.11.20"]
[SourceQuality "1"]

1. e4 c5 2. Nc3 a6 3. g3 Nc6 4. Bg2 g6 5. Nge2 Bg7 6. 0-0 e6 7. d3 Nge7 8. Be3 b6 9. Qd2 Bb7 10. Bh6 Bd4 11. Nxd4 Nxd4 12. Ne2 Nxe2+ 13. Qxe2 Qc7 14. Bg7 Rg8 15. Bf6 d6 16. Qd2 h5 17. Qg5 Nc6 18. f4 Kd7 19. c3 Rae8 20. d4 Kc8 21. b4 c4 22. d5 Ne7 23. Rfe1 exd5 24. exd5 Nf5 25. Bh3 Qd7 26. Rad1 Kb8 27. Bxf5 Qxf5 28. Be7 Kc7 29. Qxf5 gxf5 30. Bf6 Rxe1+ 31. Rxe1 Bxd5 32. Re7+ Kc8 33. Ra7 Bb7 34. Bd4 b5 35. Kf2 Re8 36. a4 bxa4 37. b5 axb5 38. Ra5 Bc6 39. Ra7 Bd7 40. Ra8+ Kb7 41. Rxe8 Bxe8 42. Be3 d5 43. Bc5 Kc6 44. Bb4 d4 45. cxd4 Kd5 46. Ke3 c3 47. Kd3 c2 48. Ba3 b4 49. Bc1 Bb5+ 50. Kxc2 Kxd4 51. Bd2 Bd3+ 52. Kb2 Kc4 53. Ka2 a3 54. Be1 Bc2 55. Ka1 b3 0-1